{"text_format":"3","workbook":"xlsx","n_sheets":1,"sheets":["中标情况汇总表"],"not_rendered":{"defined_names":1},"read":"whole","date_system":"1900"}

{"sheet":"中标情况汇总表","index":0,"n_rows":38,"n_cols":12,"rows_kept":38,"merged":[[0,0,0,11],[1,0,1,4],[1,10,1,11],[3,0,3,11],[4,0,6,0],[4,1,6,1],[4,2,6,2],[4,3,6,3],[4,4,6,4],[7,0,7,11],[8,0,9,0],[8,1,9,1],[8,2,9,2],[8,3,9,3],[8,4,9,4],[10,0,10,11],[11,0,12,0],[11,1,12,1],[11,2,12,2],[11,3,12,3],[11,4,12,4],[13,0,13,11],[20,0,21,0],[20,1,21,1],[20,2,21,2],[20,3,21,3],[20,4,21,4],[22,0,22,11]]}
["2022-2023学年学生食堂大宗物资采购招标中标情况汇总表"]
["项目编号：PCHQ20220020",{"$nulls":9},"开标时间：2022年8月22日"]
["品名","规格","招标    数量","单位","价格要求\n（元/吨）","生产厂家","商标","中标数量","中标单价","中标金额（元）","中标单位","备注"]
["A分标：大米"]
["优质大米","≤25KG",405,"吨","≤5650","益海嘉里（武汉）粮油工业有限公司","香满园",{"v":200,"d":"200.00"},{"v":4388,"d":"4,388.00"},{"$f":"H5*I5","v":{"v":877600,"d":"877,600.00"}},"南宁市五丰工贸有限公司"]
[{"$nulls":5},"南宁市储备粮管理有限责任公司","桂井",{"v":135,"d":"135.00"},{"v":4800,"d":"4,800.00"},{"$f":"H6*I6","v":{"v":648000,"d":"648,000.00"}},"南宁市储备粮管理有限责任公司"]
[{"$nulls":5},"广西万家香农业发展有限公司","稻香通宝",{"v":70,"d":"70.00"},{"v":4900,"d":"4,900.00"},{"v":343000,"d":"343,000.00"},"广西万家香农业发展有限公司"]
["B分标：面粉"]
["面粉","≤25KG",114,"吨","≤5600","东莞益海嘉里粮油食品工业有限公司","金龙鱼",{"v":64,"d":"64.00"},{"v":4400,"d":"4,400.00"},{"$f":"H9*I9","v":{"v":281600,"d":"281,600.00"}},"南宁山水富源贸易有限公司"]
[{"$nulls":5},"五得利集团新乡面粉有限公司","五得利",{"v":50,"d":"50.00"},{"v":4588,"d":"4,588.00"},{"$f":"H10*I10","v":{"v":229400,"d":"229,400.00"}},"南宁市五丰工贸有限公司"]
["C分标：食用油"]
["食用植物调和油\n（非转基因调和油）","≤25L",165000,"升","≤16","中储粮油脂工业东莞有限公司","汉鼎",{"v":100000,"d":"100,000.00"},11.75,{"$f":"H12*I12","v":{"v":1175000,"d":"1,175,000.00"}},"广西南宁市玖味源商贸有限公司"]
[{"$nulls":5},"嘉里粮油（防城港）有限公司","香满园",{"v":65000,"d":"65,000.00"},11.22,{"$f":"H13*I13","v":{"v":729300,"d":"729,300.00"}},"南宁市五丰工贸有限公司"]
["D分标：杂粮、干杂类"]
["糯米","≤25KG",7,"吨","≤6900","蚌埠祥和米业有限公司","龙王庆",7,{"v":4800,"d":"4,800.00"},{"$f":"H15*I15","v":{"v":33600,"d":"33,600.00"}},"广西南宁百味源食品有限责任公司"]
["糯米粉","≤25KG",5,"吨","≤6000","吉安市新君山粮油食品厂","日强",5,{"v":5500,"d":"5,500.00"},{"$f":"H16*I16","v":{"v":27500,"d":"27,500.00"}},"广西南宁百味源食品有限责任公司"]
["花生粒","≤25KG",5,"吨","≤14950","洮南市玉发农产品有限公司","吉林洮南",5,{"v":11788,"d":"11,788.00"},{"v":58940,"d":"58,940.00"},"广西邕城供应链管理有限公司"]
["绿豆","≤25KG",5,"吨","≤11500","洮南市玉发农产品有限公司","吉林洮南",5,{"v":9488,"d":"9,488.00"},{"v":47440,"d":"47,440.00"},"广西邕城供应链管理有限公司"]
["黄豆","≤25KG",11,"吨","≤8500","洮南市玉发农产品有限公司","吉林洮南",11,{"v":7522,"d":"7,522.00"},{"v":82742,"d":"82,742.00"},"广西邕城供应链管理有限公司"]
["干木耳","≤2.5KG",2,"吨","≤34500","广西红心食品有限公司","红心",2,{"v":31500,"d":"31,500.00"},{"v":63000,"d":"63,000.00"},"广西南宁百味源食品有限责任公司"]
["干米粉","≤2.5KG",28,"吨","≤6900","柳州市柳江区富安米粉厂","都贝",18,{"v":6000,"d":"6,000.00"},{"v":108000,"d":"108,000.00"},"广西南宁百味源食品有限责任公司"]
[{"$nulls":5},"广西品冠食品有限责任公司","品冠",10,{"v":6000,"d":"6,000.00"},{"v":60000,"d":"60,000.00"},"广西品冠食品有限责任公司"]
["E分标：调味品类"]
["22°袋装米酒","≤500mL/袋，20袋/件",12800,"升","≤3.1","桂林市桂珠酒业有限公司","竹新苑",{"v":12800,"d":"12,800.00"},{"v":2.5,"d":"2.50"},{"$f":"H24*I24","v":{"v":32000,"d":"32,000.00"}},"广西南宁市玖味源商贸有限公司"]
["金标蚝油","≤13Kg/桶",12500,"公斤","≤3.1","清远市大昌食品有限公司","番寻味",{"v":12500,"d":"12,500.00"},{"v":2.5,"d":"2.50"},{"v":31250,"d":"31,250.00"},"广西南宁市玖味源商贸有限公司"]
["袋装米醋","≤500mL/袋，20袋/件",3400,"升","≤2.1","广西南宁市锦鸿调味食品有限公司","锦鸿凤祥",{"v":3400,"d":"3,400.00"},{"v":1.1,"d":"1.10"},{"$f":"H26*I26","v":{"v":3740.0000000000005,"d":"3,740.00"}},"广西南宁百味源食品有限责任公司"]
["生抽","≤15L/件",15600,"升","≤7.3","佛山市海天调味食品股份有限公司","海天",{"v":15600,"d":"15,600.00"},6.31,{"$f":"H27*I27","v":{"v":98436,"d":"98,436.00"}},"广西邕城供应链管理有限公司"]
["醋精","≤15L/件",1100,"升","≤9.4","南宁市滴珠酿造食品","滴珠",{"v":1100,"d":"1,100.00"},{"v":5.5,"d":"5.50"},{"v":6050,"d":"6,050.00"},"广西南宁百味源食品有限责任公司"]
["山西陈醋","≤15L/件",2800,"升","≤6.2","山西聚德轩醋业有限公司","乔氏佳人",{"v":2800,"d":"2,800.00"},{"v":4.8,"d":"4.80"},{"v":13440,"d":"13,440.00"},"广西南宁百味源食品有限责任公司"]
["黄豆酱","≤15Kg/件",1100,"公斤","≤11.5","佛山市海天调味食品股份有限公司","海天",{"v":1100,"d":"1,100.00"},{"v":9,"d":"9.00"},{"v":9900,"d":"9,900.00"},"广西邕城供应链管理有限公司"]
["木薯生粉","≤25Kg/件",18800,"公斤","≤5.8","广西龙州万福商贸有限公司","广西龙州",{"v":18800,"d":"18,800.00"},{"v":4.8,"d":"4.80"},{"v":90240,"d":"90,240.00"},"广西南宁百味源食品有限责任公司"]
["草菇老抽","≤15L/件",2763,"升","≤10.9","佛山市海天调味食品股份有限公司","海天",{"v":2763,"d":"2,763.00"},8.67,{"v":23955.21,"d":"23,955.21"},"广西邕城供应链管理有限公司"]
["白糖","≤25Kg/件",55600,"公斤","≤7.6","南宁市糖业股份有限公司明阳糖厂","明阳",{"v":55600,"d":"55,600.00"},{"v":6,"d":"6.00"},{"v":333600,"d":"333,600.00"},"广西南宁百味源食品有限责任公司"]
["四方井腐乳","≤20Kg/件",800,"公斤","≤17.5","桂林临桂横山四方井食品有限供公司","四方井",{"v":800,"d":"800.00"},14.15,{"v":11320,"d":"11,320.00"},"广西南宁市玖味源商贸有限公司"]
["桶装豆瓣酱","≤25Kg/件",8800,"公斤","≤10.3","郫县蜀美香食品有限公司","郫滋味",{"v":8800,"d":"8,800.00"},{"v":6.8,"d":"6.80"},{"v":59840,"d":"59,840.00"},"广西邕城供应链管理有限公司"]
["嘉华豆沙","≤25Kg/件",4147,"公斤","≤8.8","湛江市霞山区嘉华食品有限公司","金焙",{"v":4147,"d":"4,147.00"},{"v":8.3,"d":"8.30"},{"v":34420.100000000006,"d":"34,420.10"},"广西南宁百味源食品有限责任公司"]
["鸡精","≤10Kg/件",2200,"公斤","≤8.8","乐陵市莹源祥食品有限公司","亿凤鲜",{"v":2200,"d":"2,200.00"},{"v":6.8,"d":"6.80"},{"v":14960,"d":"14,960.00"},"广西邕城供应链管理有限公司"]
["罐装番茄沙司","≤25Kg/件",3300,"公斤","≤8.5","东莞市益康食品有限公司","燕旗",{"v":3300,"d":"3,300.00"},{"v":7.4,"d":"7.40"},{"v":24420,"d":"24,420.00"},"广西南宁市玖味源商贸有限公司"]